Roman Numerals Test - Statistics

General Stats
  • This quiz has been taken 70 times
  • The average score is 9 of 9
Answer Stats
Roman Numeral Number % Correct
XXXIII 33
100%
LII 52
98%
VIII 8
98%
MCXI 1111
96%
MMMCCLIX 3259
96%
CCCLXXIV 374
93%
DXIII 513
93%
DCCCV 805
93%
CDXLVII 447
91%
No matching quizzes found
Score Distribution
Percent of People with Each Score
Percentile by Number Answered
Your Score History
You have not taken this quiz